000 01941ngm a22003490a 4500
001 PT50897
003 AR-LpoUNG
005 20210202000046.0
007 vd cvaizq
008 191001s1979||||ag |||||||||||||||||rus d
037 _c$6
040 _aAR-LpoUNG
_bspa
_cAR-LpoUNG
_eaacr
041 _arus
082 0 _a791.436 15 187v2
100 1 _aTarkovsky, Andrey
_edir.
245 1 0 _aStalker
260 _as.l. :
_bs.n.,
_c1979.
300 _aDVD (ca. 100 min.) : son., col.
505 0 _aHecha en 1979. Subtítulos en español. Basada en la novela de Arkadi y Boris Strugatski "The roadside picnic". Intérpretes: Aleksandr Kajdanovsky, Alisa Frejndlikh, Anatoli Solonitsyn, Nikolai Grinko. Fotografía: Aleksandr Knyazhinsky, Georgi Rerberg. Música: Eduard Artemiev.
520 _aDos hombres, uno de ellos un científico en una misión y el otro un poeta en busca de inspiración, son guiados por Aleksandr, un "stalker", hacia una Zona que ha aparecido en circunstancias extrañas y en donde las leyes de la naturaleza se han alterado. Aleksandr ha dejado esperando en su casa a una hija con poderes telequinéticos, que tal vez haya nacido parapléjica a causa de los viajes continuos que hace su padre a la Zona. De lograr atravesar la Zona, los viajeros podrán arribar a una camara secreta en donde los sueños se materializan, pero cuando llegan a la misma ninguno de ellos se atreve a entrar. Pues la Zona no cumple lo solicitado, sino que atiende a los deseos más secretos. "Stalker" transcurre dentro de un espacio y tiempo imaginarios. En este mundo Tarkovski superpone los elementos de la naturaleza con los objetos creados por la cultura de los hombres.
650 4 _aDRAMA
650 4 _aPREDICCIONES
650 4 _aVIAJES
653 _aCIENCIA FICCION
653 _aCINE RUSO
653 _aDVD
653 _aFANTASIA
653 _aFUTURISMO
653 _aVIDEOS
905 _a50897
942 _cDVD
999 _c54040
_d54040